000 02139nam0a2200349 4500
001 RU\NLR\BIBL_A\012051688
005 20190717124104.0
010 _a978-5-9596-1354-9
_9200
021 _aRU
_bКН-П-19-041240
_9КН-П-19-3029
035 _a(NLR Aleph) 012051688
035 _a(RuMoRGB)010001704
090 _a11654826
_c11654826
100 _a20190703d2017 k y0rusy50 ca
101 0 _arus
102 _aRU
105 _aa zzjz||000zy
200 1 _aПравовое регулирование акционерной собственности государства
_e(на примере Ставропольского края)
_eнаучно-методическое пособие
_fСтавропольский государственный центр исследования проблем собственности
_g[составители: доктор юридических наук, профессор О. Е. Блинков, доктор юридических наук, доцент В. С. Елисеев]
210 _aСтаврополь
_cАГРУС
_d2017
215 _a126, [1] с.
_cтабл.
_d20
320 _aБиблиогр.: с. 115-127 (134 назв.) и в подстроч. примеч.
606 1 _aГосударственная собственность
_jМетодические пособия
_xПравовое регулирование
_yРоссийская Федерация
_92236985
_3RU\NLR\AUTH\661342441
610 0 _aакционерная собственность государства
610 0 _aакционерное общество
686 1 _aХ623.110.6я7
702 1 _4220
_aБлинков
_bО. Е.
_cд-р юрид. наук
_f1977-
_gОлег Евгеньевич
_9133275
_3RU\NLR\AUTH\770133309
712 0 2 _4570
_aСтавропольский государственный центр исследования проблем собственности
_9592406
_3RU\NLR\AUTH\880464943
942 _cBOOK
980 _aNBR
980 _aNB